Suzbijanje organizovanog kriminaliteta: komparativni pristup
Сузбијање организованог криминалитета компаративни приступ
| Autor principal: | |
|---|---|
| Tipo de documento: | Print Libro |
| Publicado: |
Beograd
Pravni Fak. Univ.
2014
|
| En: |
Biblioteka Crimen (27)
Año: 2014 |
| Acceso en línea: |
Índice |
| Verificar disponibilidad: | HBZ Gateway |
| Servicio de pedido Subito: | Pedir ahora. |
MARC
| LEADER | 00000cam a2200000 c 4500 | ||
|---|---|---|---|
| 001 | 1616517670 | ||
| 003 | DE-627 | ||
| 005 | 20220606103549.0 | ||
| 007 | tu | ||
| 008 | 150918s2014 xx ||||| 00| ||srp c | ||
| 020 | |a 9788676304783 |9 978-86-7630-478-3 | ||
| 035 | |a (DE-627)1616517670 | ||
| 035 | |a (DE-576)44560168X | ||
| 035 | |a (DE-599)BSZ44560168X | ||
| 040 | |a DE-627 |b ger |c DE-627 |e rakwb | ||
| 041 | |a srp | ||
| 100 | 1 | |6 880-01 |a Lukić, Natalija |4 aut | |
| 245 | 1 | 0 | |6 880-01 |a Suzbijanje organizovanog kriminaliteta |b komparativni pristup |c Natalija Lukić |
| 264 | 1 | |6 880-01 |a Beograd |b Pravni Fak. Univ. |c 2014 | |
| 300 | |a 172 S. | ||
| 336 | |a Text |b txt |2 rdacontent | ||
| 337 | |a ohne Hilfsmittel zu benutzen |b n |2 rdamedia | ||
| 338 | |a Band |b nc |2 rdacarrier | ||
| 490 | 1 | |6 880-01 |a Biblioteka crimen |v 27 | |
| 500 | |a In kyrill. Schr., serb. - Zsfassung in engl | ||
| 830 | 0 | |a Biblioteka Crimen |v 27 |9 27 |w (DE-627)565228536 |w (DE-576)279667353 |w (DE-600)2424712-1 |7 am | |
| 856 | 4 | 2 | |u https://swbplus.bsz-bw.de/bsz44560168Xinh.htm |m B:DE-576;DE-Frei85 |q application/pdf |v 20150921161005 |x Verlag |3 Inhaltsverzeichnis |7 1 |
| 880 | 1 | |6 100-01/Cyrl |a Лукић, Наталија |4 aut | |
| 880 | 1 | 0 | |6 245-01/Cyrl |a Сузбијање организованог криминалитета |b компаративни приступ |c Наталија Лукић |
| 880 | 1 | |6 264-01/Cyrl |a Београд |b Рравни фак. Унив. |c 2014 | |
| 880 | 1 | |6 490-01/Cyrl |a Библиот̄ека crimen |v 27 | |
| 935 | |a mkri | ||
| 951 | |a BO | ||
| ELC | |b 1 | ||
| LOK | |0 000 xxxxxcx a22 zn 4500 | ||
| LOK | |0 001 3200840927 | ||
| LOK | |0 003 DE-627 | ||
| LOK | |0 004 1616517670 | ||
| LOK | |0 005 20240714151624 | ||
| LOK | |0 008 150918||||||||||||||||ger||||||| | ||
| LOK | |0 040 |a DE-Frei85 |c DE-627 |d DE-Frei85 | ||
| LOK | |0 852 |a DE-Frei85 | ||
| LOK | |0 852 1 |m p |9 00 | ||
| LOK | |0 938 |k p | ||
| LOK | |0 939 |a 18-09-15 |b l01 | ||
| ORI | |a SA-MARC-krimdoka001.raw | ||
